| 000 | 00937pam a2200181 a 4500 | ||
|---|---|---|---|
| 020 | _a030903521X | ||
| 082 | 0 | 0 |
_a229.22330682 _bNAT _cD |
| 245 | 1 | 0 |
_aBus maintenance improvement : _bproceedings of the Bus Maintenance Improvement Workshop, April 14-16, 1982, St. Louis, Missouri / _cconducted by the Transportation Research Board and sponsored by the Urban Mass Transportation Administration, U.S. Department of Transportation. |
| 260 |
_aWashington, D.C. : _bTransportation Research Board, National Academy of Sciences, _c1983. |
||
| 300 |
_a59 p. : _bill. ; _c28 cm. |
||
| 490 | 1 | _aSpecial report / Transportation Research Board, National Academy of Sciences, National Research Council ; | |
| 526 |
_a0 _b0 _c0 _d229_223306820000000_NAT |
||
| 650 | 0 |
_aBuses _xMaintenance and repair _xCongresses. _937191 |
|
| 650 | 0 |
_aMCE _9379 |
|
| 710 | 1 |
_aUnited States. _921185 |
|
| 710 | 2 |
_aNational Research Council (U.S.). _920017 |
|
| 942 |
_2ddc _cBK |
||
| 999 |
_c542090 _d542090 |
||